| 000 | 00919nam a2200253 a 4500 | ||
|---|---|---|---|
| 999 |
_c6862 _d6862 |
||
| 003 | OSt | ||
| 005 | 20220203114741.0 | ||
| 008 | 111013s1998 spca 000 0bcat|d | ||
| 020 | _a849202898X | ||
| 040 |
_aES-BaSLP _bcat _cES-BaSLP |
||
| 043 |
_ae-sp--- _be-spc-- _2catmarc |
||
| 080 | _a92Planes, Josep M. | ||
| 100 | 1 | _aFinestres, Jordi | |
| 245 | 1 | 0 |
_aJosep Maria Planes (1907-1936) : _bmemòria d'un periodista assassinat / _cJordi Finestres |
| 260 |
_aBarcelona : _bCol.legi de Periodistes de Catalunya, _c1998 |
||
| 300 |
_a140 p. : _bil. ; _c24 cm |
||
| 490 | 1 |
_aVaixells de paper ; _v25 |
|
| 500 | _aA la portada: Diputació de Barcelona ; Ajuntament de Manresa ; Fundació Caixa Manresa ; Col.legi de Periodistes de Catalunya | ||
| 600 | 1 | 4 | _aPlanes, Josep M. |
| 650 | 4 |
_aPeriodisme _zCatalunya |
|
| 710 | 2 | _aCol·legi de Periodistes de Catalunya | |
| 830 | 0 |
_aVaixells de paper ; _v25 |
|
| 942 |
_2udc _cMON |
||